000 00684nam a22002177a 4500
003 UA-OsUOA
001 74280
007 ta
008 20110331b un ||||| |||| 00| 0 ukr d
100 _aГливінська Л.
090 _a81
_bГ54
942 _cSA
040 _aUA-OsUOA
_bukr
_cUA-OsUOA
_dUA-OsUOA
245 _a"Слово моє, сила моя, славо..." (Мовно-поетичний світ Миколи Вінграновського)
300 _aС.32-35
955 _a0
041 _aukr
080 _a81
773 0 _w74273
650 7 _a8 Мовознавство. Художня література. Літературознавство
_2UDC
999 _c360573
_d360573